Metriky využívané v IT Governance

Definícia IT Governance, ktorú skoncipovali Weill a Ross. Metriky aplikovateľné v IT Governance pre oblasť hodnotenia efektívnosti zatriedené do troch skupín: metriky používania IS/IT, metriky prevádzky IS/IT a metriky efektov z inovácie IS/IT. Kritériá pre dobré metriky.

Saved in:
Bibliographic Details
Main Author: Bolek, Vladimír, 1988-
Format: Book Chapter
Language:Slovak
Subjects:
Tags: Add Tag
No Tags, Be the first to tag this record!

MARC

LEADER 00000naa$a2200000$$$4500
001 0262449
005 20240502074155.7
041 0 |a slo 
044 |a SK 
245 1 0 |a Metriky využívané v IT Governance  |c Vladimír Bolek 
520 |a Definícia IT Governance, ktorú skoncipovali Weill a Ross. Metriky aplikovateľné v IT Governance pre oblasť hodnotenia efektívnosti zatriedené do troch skupín: metriky používania IS/IT, metriky prevádzky IS/IT a metriky efektov z inovácie IS/IT. Kritériá pre dobré metriky. 
610 2 0 |a systémy informačné podnikové 
610 2 0 |a technológie informačné 
610 2 0 |a technológie komunikačné 
610 2 0 |a riadenie strategické 
610 2 0 |a efektívnosť 
610 2 0 |a inovácia 
100 1 |a Bolek, Vladimír, 1988-